Central Library OPAC University of Rajshahi

The theory of price / (Record no. 44774)

MARC details
000 -LEADER
fixed length control field 00851nam a2200277 a 4500
001 - CONTROL NUMBER
control field 44774
003 - CONTROL NUMBER IDENTIFIER
rucl marc code BD-RjUL
005 - DATE AND TIME OF LATEST TRANSACTION
control field 20211209053920.0
008 - FIXED-LENGTH DATA ELEMENTS--GENERAL INFORMATION
fixed length control field 160720r19641952nyua 000 0 eng
035 ## - SYSTEM CONTROL NUMBER
System control number (OCoLC)ocm00169305
System control number (BD-RjUL)44892
System control number (NNC)1881597
040 ## - CATALOGING SOURCE
Original cataloging agency DLC
Transcribing agency WSU
Modifying agency OCL
-- SER
-- UKM
-- PGC
-- BD-RjUL
Language of cataloging eng
041 ## - LANGUAGE CODE
Language code of text/sound track or separate title eng
082 00 - DEWEY DECIMAL CLASSIFICATION NUMBER
Classification number 338.52
Author mark and year STT 1964
100 1# - MAIN ENTRY--PERSONAL NAME
Personal name Stigler, George J.
Fuller form of name (George Joseph),
Dates associated with a name 1911-1991.
9 (RLIN) 137260
245 14 - TITLE STATEMENT
Title The theory of price /
Statement of responsibility, etc. George J. Stigler.
250 ## - EDITION STATEMENT
Edition statement Rev. ed.
260 ## - PUBLICATION, DISTRIBUTION, ETC. (IMPRINT)
Place of publication, distribution, etc. New York :
Name of publisher, distributor, etc. Macmillan,
Date of publication, distribution, etc. 1952
-- [printing 1964]
300 ## - PHYSICAL DESCRIPTION
Pagination 310 p. :
Illustrations ill. ;
Size 22 cm.
500 ## - GENERAL NOTE
General note First published in 1942 under title: The theory of competitive price.
650 #0 - SUBJECT ADDED ENTRY--TOPICAL TERM
Topical term or geographic name as entry element Prices.
9 (RLIN) 137261
Topical term or geographic name as entry element Economics.
9 (RLIN) 137262
942 ## - ADDED ENTRY ELEMENTS (KOHA)
Source of classification or shelving scheme Dewey Decimal Classification
Koha item type Books
Holdings
Lost status Source of classification or shelving scheme Damaged status Not for loan Collection code Permanent Location Current Location Shelving location Date acquired Source of acquisition Cost, normal purchase price Total Checkouts Full call number Date last seen Copy number Koha item type
  Dewey Decimal Classification     Non-fiction Central Library, University of Rajshahi Central Library, University of Rajshahi   15/11/1965 Zeitlinger 42.00   338.52 STT 1964 20/07/2016 C-2 Books
  Dewey Decimal Classification     Non-fiction Central Library, University of Rajshahi Central Library, University of Rajshahi   15/11/1965 Zeitlinger 42.00   338.52 STT 1964 20/07/2016 C-3 Books
  Dewey Decimal Classification     Non-fiction Central Library, University of Rajshahi Central Library, University of Rajshahi   15/11/1965 Zeitlinger 42.00   338.52 STT 1964 26/07/2016 C-4 Books
  Dewey Decimal Classification     Non-fiction Central Library, University of Rajshahi Central Library, University of Rajshahi   26/01/1955 P.U.Lohore 22.80   338.52 STT 1952 26/07/2016 C-5 Books
  Dewey Decimal Classification     Non-fiction Central Library, University of Rajshahi Central Library, University of Rajshahi   17/08/1965 unknown     338.52 STT 1952 22/08/2016 C-6 Books
  Dewey Decimal Classification     Non-fiction Central Library, University of Rajshahi Central Library, University of Rajshahi   26/01/1955 London :P.U 22.80   338.52 STT 1954 24/09/2016 C-7 Books